A first course in the mathematical foundations of thermodynamics
Saved in:
| Main Author: | |
|---|---|
| Format: | Book |
| Language: | English |
| Published: |
New York :
Springer-Verlag,
c1984
|
| Series: | Undergraduate texts in mathematics
|
| Subjects: | |
| Tags: |
Add Tag
No Tags, Be the first to tag this record!
|
MARC
| LEADER | 00000cam a2200000 i 4500 | ||
|---|---|---|---|
| 001 | 1/31167 | ||
| 008 | 941103s1984 eng d | ||
| 020 | |a 0387908978 | ||
| 035 | |l 10038757 | ||
| 035 | |a 1993 | ||
| 040 | |a GR-MY-UA |b gre |e aacr | ||
| 041 | 0 | |a eng | |
| 082 | 0 | |a 536.7 |2 (19) | |
| 100 | 1 | |a Owen, David R. | |
| 245 | 1 | 2 | |a A first course in the mathematical foundations of thermodynamics / |c David R. Owen |
| 260 | |a New York : |b Springer-Verlag, |c c1984 | ||
| 300 | |a xvii, 134 p.; |b ill.; |c 25 cm | ||
| 490 | 1 | |a Undergraduate texts in mathematics | |
| 500 | |a Includes bibliographical references and index | ||
| 650 | 0 | 0 | |a Thermodynamics. |
| 650 | 0 | 0 | |a Thermodynamics |x Mathematics. |
| 830 | 0 | |a Undergraduate texts in mathematics | |
| 852 | |a INST |b SAMOS |e 19941103 |h 536.7 OWE |p 005300006798 |q 005300006798 |t BK |y 0 | ||
| 909 | |a Σ |b 029452 | ||